[Event "Gibtelecom Festival 2010 - Masters"]
[Site "Gibraltar ENG"]
[Date "2010.01.28"]
[Round "4.90"]
[White "Tari, Aryan"]
[Black "Lumsdon, Andrew"]
[Result "0-1"]
[WhiteElo "1932"]
[BlackElo "2090"]
[PlyCount "106"]
[EventDate "2010.01.26"]
[EventType "swiss"]
[EventRounds "10"]
[EventCountry "ENG"]
[Source "lmi"]
[SourceDate "2010.01.26"]

1. e4 c6 2. d4 d5 3. Nc3 dxe4 4. Nxe4 Nf6 5. Nxf6+ gxf6 6. Nf3 Bg4 7. Be3 e6 8.
h3 Bh5 9. Be2 Qc7 10. Qd2 Nd7 11. g4 Bg6 12. Nh4 O-O-O 13. Nxg6 hxg6 14. c4 c5
15. O-O-O cxd4 16. Qxd4 Bc5 17. Qc3 Bxe3+ 18. Qxe3 Qc5 19. Qxc5+ Nxc5 20. Rxd8+
Kxd8 21. f3 g5 22. Kc2 e5 23. Kc3 Ke7 24. Bd3 Ne6 25. Rh2 Nf4 26. Bf1 f5 27.
gxf5 Kf6 28. Rd2 Ke7 29. b3 Nh5 30. Rh2 Ng3 31. Bd3 Kf6 32. Kd2 Nxf5 33. Bxf5
Kxf5 34. Ke3 Ke6 35. Kf2 f5 36. Kg3 f4+ 37. Kf2 Kf5 38. Rh1 Rh7 39. Rd1 Rxh3
40. Rd7 Rh2+ 41. Kg1 Rxa2 42. Rxb7 g4 43. fxg4+ Kxg4 44. c5 Rc2 45. b4 a5 46.
bxa5 Rxc5 47. a6 Ra5 48. a7 e4 49. Kg2 Ra2+ 50. Kf1 Kf3 51. Kg1 e3 52. Re7 Ra1+
53. Kh2 e2 0-1

[Event "Gibtelecom Festival 2010 - Masters"]
[Site "Gibraltar ENG"]
[Date "2010.01.28"]
[Round "4.91"]
[White "Malia Ramirez, Jose"]
[Black "Pienabarca, Nicola"]
[Result "0-1"]
[WhiteElo "1925"]
[BlackElo "2071"]
[PlyCount "116"]
[EventDate "2010.01.26"]
[EventType "swiss"]
[EventRounds "10"]
[EventCountry "ENG"]
[Source "lmi"]
[SourceDate "2010.01.26"]

1. e4 e5 2. Nc3 Nf6 3. f4 d5 4. fxe5 Nxe4 5. Nf3 Be7 6. Bd3 Nc5 7. O-O Nxd3 8.
cxd3 O-O 9. d4 c5 10. dxc5 Bxc5+ 11. d4 Be7 12. Qe1 Be6 13. Qg3 Kh8 14. Ng5 Nc6
15. Ne2 Qb6 16. Qh4 Bxg5 17. Bxg5 Nxe5 18. Rf6 Ng6 19. Qh5 Bg4 20. Qxg4 gxf6
21. Bh6 Rg8 22. Rf1 Rae8 23. Ng3 Ne5 24. Qh4 Rg4 25. Qxf6+ Qxf6 26. Rxf6 Rxd4
27. h3 Re6 28. Bg5 Kg8 29. Rf1 Rb4 30. b3 Ng6 31. Nf5 f6 32. Nh6+ Kg7 33. Nf5+
Kf7 34. Nh6+ Ke7 35. Ng8+ Kd6 36. Nxf6 Re7 37. Rf5 Re5 38. Rxe5 Kxe5 39. Nxh7
d4 40. Kf2 Nf4 41. Kf3 Nd5 42. Bd2 Rb6 43. Ng5 Ra6 44. a4 Rb6 45. b4 Nxb4 46.
a5 Rf6+ 47. Ke2 Nc6 48. g4 Kd5 49. h4 Ne5 50. Nh7 d3+ 51. Ke1 Nf3+ 52. Kd1 Rc6
53. Bb4 Nxh4 54. g5 Rc4 55. Be7 Ke6 56. Bf6 Nf3 57. g6 Rg4 58. Kc1 d2+ 0-1

[Event "Gibtelecom Festival 2010 - Masters"]
[Site "Gibraltar ENG"]
[Date "2010.01.28"]
[Round "4.92"]
[White "Winkler, Stefan"]
[Black "Jameson, David"]
[Result "0-1"]
[WhiteElo "1916"]
[BlackElo "2053"]
[PlyCount "96"]
[EventDate "2010.01.26"]
[EventType "swiss"]
[EventRounds "10"]
[EventCountry "ENG"]
[Source "lmi"]
[SourceDate "2010.01.26"]

1. e4 e5 2. Nf3 Nc6 3. Bb5 Nf6 4. O-O Nxe4 5. Re1 Nd6 6. Nxe5 Nxe5 7. Rxe5+ Be7
8. Qg4 O-O 9. Bf1 Bf6 10. Re1 b6 11. d4 Bb7 12. c4 Re8 13. Bd2 Rxe1 14. Bxe1 c5
15. Bc3 Ne4 16. d5 Nxc3 17. Nxc3 Bxc3 18. bxc3 d6 19. Re1 Bc8 20. Qe4 Bd7 21.
Bd3 g6 22. Qf4 Qf8 23. h4 f5 24. Re3 Qf6 25. Bc2 Re8 26. Rxe8+ Bxe8 27. Qe3 Bf7
28. Ba4 Qxh4 29. Bb5 Qe4 30. Qg5 Kg7 31. Qd8 Qe1+ 32. Kh2 Qe5+ 33. Kg1 h6 34.
Qc7 g5 35. Qxa7 Qe1+ 36. Kh2 Qxf2 37. Qxb6 Qh4+ 38. Kg1 Qe1+ 39. Kh2 Qh4+ 40.
Kg1 Qf4 41. Qc7 g4 42. Qe7 g3 43. Qe2 Qh4 44. Qe3 Qh2+ 45. Kf1 Kf8 46. Bd7 Qh1+
47. Qg1 Qh4 48. Bb5 Qe4 0-1

[Event "Gibtelecom Festival 2010 - Masters"]
[Site "Gibraltar ENG"]
[Date "2010.01.28"]
[Round "4.94"]
[White "Sommerhalder, Eric"]
[Black "Haraldsson, Leif"]
[Result "0-1"]
[WhiteElo "1899"]
[BlackElo "2050"]
[PlyCount "62"]
[EventDate "2010.01.26"]
[EventType "swiss"]
[EventRounds "10"]
[EventCountry "ENG"]
[Source "lmi"]
[SourceDate "2010.01.26"]

1. e4 e5 2. Nf3 d6 3. d4 Qe7 4. dxe5 dxe5 5. Nc3 c6 6. h3 h6 7. Be3 Nf6 8. Qd2
Qc7 9. a3 Be6 10. O-O-O Be7 11. Bd3 Nbd7 12. Qe2 b5 13. g4 a5 14. Nb1 Nc5 15.
Nbd2 Na4 16. Nb3 Nd7 17. Nfd2 b4 18. axb4 axb4 19. Bc4 Bxc4 20. Qxc4 O-O 21.
Rhg1 Nab6 22. Qe2 c5 23. Nc4 Nxc4 24. Qxc4 Rfb8 25. g5 Nb6 26. Qe2 c4 27. Nd2
c3 28. Nb3 cxb2+ 29. Kb1 Ra1+ 30. Nxa1 bxa1=Q+ 31. Kxa1 Qc3+ 0-1

[Event "Gibtelecom Festival 2010 - Masters"]
[Site "Gibraltar ENG"]
[Date "2010.01.28"]
[Round "4.96"]
[White "Rough, Robert E"]
[Black "Bryn, Askild"]
[Result "1/2-1/2"]
[WhiteElo "1811"]
[BlackElo "2036"]
[PlyCount "85"]
[EventDate "2010.01.26"]
[EventType "swiss"]
[EventRounds "10"]
[EventCountry "ENG"]
[Source "lmi"]
[SourceDate "2010.01.26"]

1. d4 g6 2. Bf4 Bg7 3. e3 d6 4. Nf3 Nd7 5. c3 e5 6. dxe5 dxe5 7. Bg5 Ne7 8. e4
h6 9. Be3 O-O 10. Be2 c6 11. O-O Qc7 12. Nbd2 Nf6 13. Qc2 Ng4 14. Bc5 b6 15.
Ba3 f5 16. h3 Nf6 17. Nh4 c5 18. Rad1 f4 19. Nc4 g5 20. Nf3 Ng6 21. Nd6 Be6 22.
Bc4 Bxc4 23. Nxc4 g4 24. hxg4 Nxg4 25. Rd6 Rf6 26. Rfd1 b5 27. Rxf6 Bxf6 28.
Nd6 Nh4 29. Nxb5 Qf7 30. Nxh4 Bxh4 31. Bxc5 Qh5 32. Qb3+ Kh8 33. Rd7 Bxf2+ 34.
Bxf2 Qh2+ 35. Kf1 f3 36. Rh7+ Kxh7 37. Qf7+ Kh8 38. Qxf3 Qh1+ 39. Ke2 Rd8 40.
Nd6 Rxd6 41. Qf8+ Kh7 42. Qf7+ Kh8 43. Qf8+ 1/2-1/2

[Event "Gibtelecom Festival 2010 - Masters"]
[Site "Gibraltar ENG"]
[Date "2010.01.28"]
[Round "4.99"]
[White "Chidi, Lovinia Sylvia"]
[Black "Getz, Nicolai"]
[Result "0-1"]
[WhiteElo "1832"]
[BlackElo "2280"]
[PlyCount "62"]
[EventDate "2010.01.26"]
[EventType "swiss"]
[EventRounds "10"]
[EventCountry "ENG"]
[Source "lmi"]
[SourceDate "2010.01.26"]

1. e4 e5 2. Nf3 Nc6 3. Bb5 a6 4. Ba4 Nf6 5. O-O b5 6. Bb3 Be7 7. Re1 d6 8. h3
Na5 9. c3 Nxb3 10. axb3 Bb7 11. d3 O-O 12. Bg5 h6 13. Bxf6 Bxf6 14. d4 exd4 15.
cxd4 g6 16. Nc3 Bg7 17. Qd2 f5 18. Rad1 b4 19. Ne2 fxe4 20. Nh2 Qf6 21. Ng4 Qh4
22. Qxb4 Bc8 23. Qc4+ Kh7 24. Qc3 Bxg4 25. hxg4 Qxf2+ 26. Kh1 Qh4+ 27. Kg1 c5
28. Qg3 Bxd4+ 29. Rxd4 Qxg3 30. Nxg3 cxd4 31. Nxe4 d5 0-1

[Event "Gibtelecom Festival 2010 - Masters"]
[Site "Gibraltar ENG"]
[Date "2010.01.30"]
[Round "5.3"]
[White "Edouard, Romain"]
[Black "Fressinet, Laurent"]
[Result "1/2-1/2"]
[WhiteElo "2608"]
[BlackElo "2670"]
[PlyCount "47"]
[EventDate "2010.01.26"]
[EventType "swiss"]
[EventRounds "10"]
[EventCountry "ENG"]
[Source "lmi"]
[SourceDate "2010.01.26"]

1. e4 e5 2. Nf3 Nf6 3. d4 Nxe4 4. Bd3 d5 5. Nxe5 Nd7 6. Nxd7 Bxd7 7. O-O Bd6 8.
c4 c6 9. cxd5 cxd5 10. Nc3 Nxc3 11. bxc3 O-O 12. Qh5 g6 13. Qxd5 Qc7 14. Qf3
Qxc3 15. Bh6 Qxd4 16. Bxf8 Bc6 17. Be4 Bxe4 18. Rad1 Bxf3 19. Rxd4 Be5 20. Rd2
Bf4 21. Rd4 Be5 22. Rd2 Bf4 23. Rd4 Be5 24. Rd2 1/2-1/2

[Event "Gibtelecom Festival 2010 - Masters"]
[Site "Gibraltar ENG"]
[Date "2010.01.30"]
[Round "5.5"]
[White "Gustafsson, Jan"]
[Black "Gopal, Geetha Narayanan"]
[Result "1-0"]
[WhiteElo "2627"]
[BlackElo "2584"]
[PlyCount "99"]
[EventDate "2010.01.26"]
[EventType "swiss"]
[EventRounds "10"]
[EventCountry "ENG"]
[Source "lmi"]
[SourceDate "2010.01.26"]

1. d4 Nf6 2. c4 g6 3. f3 d5 4. cxd5 Nxd5 5. e4 Nb6 6. Nc3 Bg7 7. Be3 O-O 8. Qd2
Nc6 9. O-O-O f5 10. e5 Nb4 11. Nh3 N4d5 12. Nf4 Nxf4 13. Bxf4 c6 14. Bh6 Be6
15. h4 f4 16. Bxf4 Nd5 17. Bg5 Rc8 18. h5 Nxc3 19. Qxc3 Qd5 20. h6 Bh8 21. Bxe7
Rf7 22. Bd6 Qxa2 23. Bd3 Rd8 24. Kd2 Qb3 25. Qxb3 Bxb3 26. Ra1 a6 27. Kc3 Be6
28. Bc4 Bxc4 29. Kxc4 Bf6 30. f4 Rfd7 31. g4 Be7 32. Bxe7 Rxe7 33. f5 Red7 34.
Rad1 Rd5 35. b4 Kf7 36. Rhf1 a5 37. bxa5 Rxa5 38. Ra1 Rad5 39. Rf4 Rb5 40. Ra7
Rb1 41. Rf3 Rb2 42. Rfa3 Rd5 43. R3a5 Rxa5 44. Rxa5 gxf5 45. gxf5 Rf2 46. f6
Ke6 47. Ra8 b5+ 48. Kd3 c5 49. Ra6+ Kf5 50. f7 1-0

[Event "Gibtelecom Festival 2010 - Masters"]
[Site "Gibraltar ENG"]
[Date "2010.01.30"]
[Round "5.10"]
[White "Lopez Martinez, Josep Manu"]
[Black "Zhukova, Natalia"]
[Result "0-1"]
[WhiteElo "2593"]
[BlackElo "2462"]
[PlyCount "122"]
[EventDate "2010.01.26"]
[EventType "swiss"]
[EventRounds "10"]
[EventCountry "ENG"]
[Source "lmi"]
[SourceDate "2010.01.26"]

1. e4 e6 2. d4 d5 3. Nc3 Nc6 4. Nf3 Nf6 5. e5 Ne4 6. Bd3 Bb4 7. Bd2 Nxd2 8.
Qxd2 Bd7 9. O-O f6 10. Qf4 O-O 11. Qg3 fxe5 12. dxe5 Bxc3 13. bxc3 Ne7 14. Rab1
Rb8 15. c4 c5 16. cxd5 exd5 17. e6 Be8 18. c3 b5 19. Ng5 Bg6 20. Rfe1 Qe8 21.
Nf7 Bxf7 22. exf7+ Rxf7 23. Re5 c4 24. Bc2 Qf8 25. Rbe1 Rb7 26. Qe3 Qd8 27. Re6
Qd7 28. h4 b4 29. h5 bxc3 30. Qxc3 Rb6 31. R6e5 Rbf6 32. f3 Nc6 33. Ba4 Qd6 34.
Re8+ Rf8 35. Kf1 Qb4 36. Qc2 Nd4 37. Qd1 c3 38. Rxf8+ Rxf8 39. Kg1 c2 40. Bxc2
Nxc2 41. Qxd5+ Kh8 42. Re4 Qb6+ 43. Kh2 Ne3 44. Qe5 Nf1+ 45. Kh1 Qb8 46. Qxb8
Rxb8 47. Re7 Ng3+ 48. Kh2 Nxh5 49. Rxa7 h6 50. g3 Rb2+ 51. Kh3 Nf6 52. g4 Nd5
53. g5 hxg5 54. Kg4 Rg2+ 55. Kf5 Kh7 56. a4 Nf6 57. a5 Rg3 58. Ra8 Rxf3+ 59.
Kxg5 Ra3 60. Kf5 Nd5 61. Ke4 Nb4 0-1

[Event "Gibtelecom Festival 2010 - Masters"]
[Site "Gibraltar ENG"]
[Date "2010.01.30"]
[Round "5.14"]
[White "Hirneise, Tobias"]
[Black "Maze, Sebastien"]
[Result "1/2-1/2"]
[WhiteElo "2421"]
[BlackElo "2554"]
[PlyCount "94"]
[EventDate "2010.01.26"]
[EventType "swiss"]
[EventRounds "10"]
[EventCountry "ENG"]
[Source "lmi"]
[SourceDate "2010.01.26"]

1. e4 e5 2. Nf3 Nc6 3. Bb5 Nf6 4. O-O Nxe4 5. Qe2 Nd6 6. Bxc6 dxc6 7. Qxe5+ Qe7
8. Qa5 Qd8 9. Qe5+ Qe7 10. Qa5 Qd7 11. d3 Be7 12. Re1 O-O 13. Bg5 Bxg5 14. Qxg5
f6 15. Qf4 Qg4 16. Qxg4 Bxg4 17. Nbd2 c5 18. Re7 Rf7 19. Rae1 Kf8 20. R7e2 Rd7
21. h3 Bh5 22. Ne4 Nxe4 23. Rxe4 Bg6 24. R4e2 a5 25. a4 Re8 26. Nd2 Rxe2 27.
Rxe2 b6 28. Nc4 Bf7 29. b3 Rd4 30. Kf1 h5 31. Re3 Be8 32. Re1 Bc6 33. Re6 Bd7
34. Re3 Bc6 35. Re6 Bb7 36. Re3 Kf7 37. Re1 g5 38. Ne3 Bc8 39. Nc4 h4 40. Re2
Rd7 41. Re3 Re7 42. Ke2 Bb7 43. f3 Rxe3+ 44. Kxe3 Ke6 45. Na3 f5 46. Nb5 Kd7
47. Kf2 Bc6 1/2-1/2

[Event "Gibtelecom Festival 2010 - Masters"]
[Site "Gibraltar ENG"]
[Date "2010.01.30"]
[Round "5.15"]
[White "Malakhatko, Vadim"]
[Black "Sarkar, Justin"]
[Result "1-0"]
[WhiteElo "2549"]
[BlackElo "2378"]
[PlyCount "85"]
[EventDate "2010.01.26"]
[EventType "swiss"]
[EventRounds "10"]
[EventCountry "ENG"]
[Source "lmi"]
[SourceDate "2010.01.26"]

1. d4 Nf6 2. c4 g6 3. Nc3 d5 4. Nf3 Bg7 5. cxd5 Nxd5 6. e4 Nxc3 7. bxc3 c5 8.
Be3 Bg4 9. Rb1 Bxf3 10. gxf3 Nc6 11. Rxb7 O-O 12. Bb5 cxd4 13. Bxc6 dxe3 14.
Rd7 Qa5 15. Bxa8 Qxa2 16. Qe2 Qa1+ 17. Rd1 Qxc3+ 18. Kf1 Rxa8 19. Qxe3 a5 20.
Rd3 Qb4 21. Kg2 a4 22. Rhd1 a3 23. Rd8+ Rxd8 24. Rxd8+ Bf8 25. Qa7 e5 26. Qc7
Kg7 27. Qxe5+ Kh6 28. Qd5 Qe7 29. Rd7 Qe6 30. Rxf7 Qxd5 31. exd5 Bc5 32. Rf4
Kg5 33. Rc4 Bd6 34. Ra4 Kf5 35. f4 h5 36. h3 h4 37. Kf3 Bc5 38. Ke2 Bd6 39. Kd3
Bc5 40. f3 Bd6 41. Kc2 a2 42. Kb2 a1=B+ 43. Kxa1 1-0

[Event "Gibtelecom Festival 2010 - Masters"]
[Site "Gibraltar ENG"]
[Date "2010.01.30"]
[Round "5.16"]
[White "Saravanan, V."]
[Black "Cramling, Pia"]
[Result "1/2-1/2"]
[WhiteElo "2356"]
[BlackElo "2528"]
[PlyCount "61"]
[EventDate "2010.01.26"]
[EventType "swiss"]
[EventRounds "10"]
[EventCountry "ENG"]
[Source "lmi"]
[SourceDate "2010.01.26"]

1. Nf3 d5 2. d4 Nf6 3. c4 c6 4. e3 Bf5 5. Nc3 e6 6. Nh4 Be4 7. f3 Bg6 8. Qb3
Qc7 9. Bd2 Be7 10. g3 Nbd7 11. cxd5 exd5 12. Nxg6 hxg6 13. e4 dxe4 14. fxe4 Rd8
15. Bc4 O-O 16. e5 Nxe5 17. dxe5 Qxe5+ 18. Be2 b5 19. Bf4 Qc5 20. Rc1 Qb6 21.
Kf1 Nh5 22. Bxh5 gxh5 23. Ne2 c5 24. Qf3 Qe6 25. Qe3 Qh3+ 26. Kf2 Rfe8 27. Rhd1
Qxh2+ 28. Kf3 Rxd1 29. Rxd1 Qh3 30. Kf2 c4 31. Bd6 1/2-1/2

[Event "Gibtelecom Festival 2010 - Masters"]
[Site "Gibraltar ENG"]
[Date "2010.01.30"]
[Round "5.20"]
[White "Dasaolu, Adeoye"]
[Black "Dzagnidze, Nana"]
[Result "0-1"]
[WhiteElo "2068"]
[BlackElo "2506"]
[PlyCount "64"]
[EventDate "2010.01.26"]
[EventType "swiss"]
[EventRounds "10"]
[EventCountry "ENG"]
[Source "lmi"]
[SourceDate "2010.01.26"]

1. d4 Nf6 2. Nf3 e6 3. Bg5 c5 4. c3 h6 5. Bh4 b6 6. e3 Be7 7. Bd3 O-O 8. O-O
Bb7 9. Nbd2 d6 10. Qe2 Nc6 11. Rfd1 Nh5 12. Bxe7 Qxe7 13. Ba6 Rad8 14. Bxb7
Qxb7 15. e4 Nf4 16. Qe3 Ng6 17. Nf1 f5 18. exf5 exf5 19. d5 Nce5 20. Nxe5 f4
21. Qe4 Nxe5 22. c4 f3 23. Ng3 Qf7 24. Rf1 Rde8 25. Rad1 fxg2 26. Kxg2 Nf3 27.
Qg4 Re5 28. Kh1 h5 29. Qh3 h4 30. Rd3 hxg3 31. fxg3 Rh5 32. Qg2 Nxh2 0-1

[Event "Gibtelecom Festival 2010 - Masters"]
[Site "Gibraltar ENG"]
[Date "2010.01.30"]
[Round "5.21"]
[White "Cheparinov, Ivan"]
[Black "Forsaa, Espen"]
[Result "1-0"]
[WhiteElo "2660"]
[BlackElo "2301"]
[PlyCount "71"]
[EventDate "2010.01.26"]
[EventType "swiss"]
[EventRounds "10"]
[EventCountry "ENG"]
[Source "lmi"]
[SourceDate "2010.01.26"]

1. e4 c6 2. d4 d5 3. e5 Bf5 4. Nf3 e6 5. Be2 Nd7 6. O-O Bg6 7. Nbd2 Nh6 8. Nb3
Nf5 9. c3 Bh5 10. h3 Bxf3 11. Bxf3 c5 12. Bg4 g6 13. Nxc5 Nxc5 14. dxc5 Bxc5
15. Be2 O-O 16. Bd3 f6 17. Bxf5 gxf5 18. Bf4 fxe5 19. Bxe5 Qg5 20. Qf3 f4 21.
Rfe1 Rf5 22. Bd4 Bxd4 23. cxd4 Re8 24. Rac1 Qg7 25. Re2 Re7 26. Rce1 Qf6 27.
Kh1 Kf7 28. Re5 Rxe5 29. Rxe5 Rc7 30. Kh2 Rc4 31. Qh5+ Qg6 32. Qh4 Rxd4 33. Rh5
f3 34. Rxh7+ Kg8 35. Rh8+ Kf7 36. g4 1-0

[Event "Gibtelecom Festival 2010 - Masters"]
[Site "Gibraltar ENG"]
[Date "2010.01.30"]
[Round "5.28"]
[White "Rioseco Pinochet, Fernan"]
[Black "Javakhishvili, Lela"]
[Result "0-1"]
[WhiteElo "2226"]
[BlackElo "2493"]
[PlyCount "56"]
[EventDate "2010.01.26"]
[EventType "swiss"]
[EventRounds "10"]
[EventCountry "ENG"]
[Source "lmi"]
[SourceDate "2010.01.26"]

1. d4 Nf6 2. c4 e6 3. Nc3 Bb4 4. e3 O-O 5. Bd3 d5 6. Nf3 c5 7. O-O cxd4 8. exd4
dxc4 9. Bxc4 Bxc3 10. bxc3 Qc7 11. Bd3 Nbd7 12. Re1 b6 13. c4 Bb7 14. Qe2 Qc6
15. Ba3 Rfd8 16. Qc2 Nf8 17. Rad1 Ng6 18. d5 exd5 19. Nd4 Qc8 20. Nf5 dxc4 21.
Bxc4 Qc6 22. Bxf7+ Kxf7 23. Qb3+ Nd5 24. Rc1 Qd7 25. Nd6+ Kg8 26. Red1 Ngf4 27.
Rc4 Kh8 28. Qf3 Nc3 0-1

[Event "Gibtelecom Festival 2010 - Masters"]
[Site "Gibraltar ENG"]
[Date "2010.01.30"]
[Round "5.29"]
[White "Tjolsen, Katrine"]
[Black "Cmilyte, Viktorija"]
[Result "1/2-1/2"]
[WhiteElo "2212"]
[BlackElo "2489"]
[PlyCount "109"]
[EventDate "2010.01.26"]
[EventType "swiss"]
[EventRounds "10"]
[EventCountry "ENG"]
[Source "lmi"]
[SourceDate "2010.01.26"]

1. e4 c5 2. Nf3 Nc6 3. d4 cxd4 4. Nxd4 Nf6 5. Nc3 e5 6. Ndb5 d6 7. Bg5 a6 8.
Na3 b5 9. Bxf6 gxf6 10. Nd5 Bg7 11. Bd3 Ne7 12. Nxe7 Qxe7 13. O-O O-O 14. Qf3
f5 15. exf5 d5 16. Qxd5 Bb7 17. Qb3 e4 18. Rfe1 Qe5 19. c3 Qxf5 20. Bf1 Rad8
21. Rad1 Bd5 22. Qc2 Bc6 23. Qb1 Qc5 24. Nc2 f5 25. Rxd8 Rxd8 26. Rd1 Re8 27.
Qc1 Qe7 28. Qf4 Qf7 29. Ne3 Bd7 30. Qd6 Be6 31. Nd5 Bf8 32. Qg3+ Kh8 33. Qe5+
Bg7 34. Qd6 Bc8 35. Be2 Be5 36. Qh6 Bg7 37. Qh5 Qxh5 38. Bxh5 Rd8 39. Nf4 Rxd1+
40. Bxd1 Be5 41. g3 Kg7 42. Bb3 Kf6 43. Kf1 a5 44. a3 Bd6 45. Ke1 Ke5 46. Bg8
h6 47. b4 axb4 48. axb4 Bb8 49. Ke2 Ba7 50. Nd5 Bd7 51. Bf7 Bc6 52. Nf4 Bd7 53.
Bd5 Be8 54. h3 Bb8 55. Bb3 1/2-1/2

[Event "Gibtelecom Festival 2010 - Masters"]
[Site "Gibraltar ENG"]
[Date "2010.01.30"]
[Round "5.30"]
[White "Arvola, Benjamin"]
[Black "Cori Tello, Jorge"]
[Result "0-1"]
[WhiteElo "2218"]
[BlackElo "2483"]
[PlyCount "126"]
[EventDate "2010.01.26"]
[EventType "swiss"]
[EventRounds "10"]
[EventCountry "ENG"]
[Source "lmi"]
[SourceDate "2010.01.26"]

1. e4 e5 2. Nf3 Nc6 3. Bb5 Nf6 4. d3 d6 5. O-O Be7 6. c3 O-O 7. Nbd2 a6 8. Ba4
b5 9. Bc2 Bb7 10. Re1 Re8 11. Nf1 Bf8 12. Ng3 g6 13. Bg5 h6 14. Bd2 Bg7 15. a4
Qd7 16. Qe2 Rab8 17. h3 b4 18. Nh2 Bc8 19. Rec1 a5 20. Bd1 Ba6 21. Ng4 Nxg4 22.
hxg4 bxc3 23. bxc3 Rb2 24. Rab1 Reb8 25. Rxb2 Rxb2 26. Rc2 Rb8 27. Qf3 Nd8 28.
Nf1 Ne6 29. Rc1 c6 30. Qh3 Nf4 31. Bxf4 exf4 32. Qf3 c5 33. Nd2 Qe6 34. d4 cxd4
35. cxd4 Bxd4 36. Nb3 Bb6 37. Qxf4 Bb7 38. Nd2 Kg7 39. Bb3 Qf6 40. Qxf6+ Kxf6
41. Rc3 Kg7 42. Rd3 Rd8 43. Bxf7 Kxf7 44. Rb3 Bxf2+ 45. Kxf2 Bc6 46. Rb6 Bxa4
47. Nc4 Bc2 48. Nxd6+ Ke7 49. Nb7 Rd2+ 50. Kf3 a4 51. Nc5 a3 52. Rxg6 Bd1+ 53.
Kf4 a2 54. Ra6 Rxg2 55. Nd3 Rxg4+ 56. Ke5 Bc2 57. Ra7+ Kd8 58. Nc5 Bb1 59. Kd6
Rg6+ 60. Kd5 Rg1 61. Nb3 Rd1+ 62. Kc4 h5 63. Rh7 Bc2 0-1

[Event "Gibtelecom Festival 2010 - Masters"]
[Site "Gibraltar ENG"]
[Date "2010.01.30"]
[Round "5.32"]
[White "Kvisla, Johannes Luangtep"]
[Black "Siebrecht, Sebastian"]
[Result "0-1"]
[WhiteElo "2161"]
[BlackElo "2468"]
[PlyCount "226"]
[EventDate "2010.01.26"]
[EventType "swiss"]
[EventRounds "10"]
[EventCountry "ENG"]
[Source "lmi"]
[SourceDate "2010.01.26"]

1. d4 g6 2. c4 Bg7 3. Nc3 c5 4. Nf3 cxd4 5. Nxd4 Nc6 6. Nc2 Bxc3+ 7. bxc3 Qa5
8. Qd3 d6 9. e4 Nf6 10. f3 Nd7 11. Be3 Nde5 12. Qd2 Be6 13. Nb4 Rc8 14. Nd5 Qa3
15. c5 dxc5 16. Bh6 c4 17. Rb1 b6 18. Be2 f6 19. O-O Bxd5 20. Qxd5 Rd8 21. Qb5
Qxc3 22. f4 a6 23. Qxb6 Rb8 24. Qc5 Rxb1 25. Rxb1 Qc2 26. Rf1 Qxe2 27. fxe5
Qxe4 28. exf6 exf6 29. Rd1 Kf7 30. Rd7+ Ne7 31. Rxe7+ Qxe7 32. Qxc4+ Qe6 33.
Qc7+ Qe7 34. Qc4+ Qe6 35. Qc7+ Ke8 36. Qb8+ Ke7 37. Qb7+ Qd7 38. Qb4+ Qd6 39.
Qb7+ Ke6 40. Qe4+ Qe5 41. Qc6+ Qd6 42. Qe4+ Kd7 43. Qb7+ Qc7 44. Qd5+ Ke7 45.
Qe4+ Qe5 46. Qb7+ Kd8 47. Qb6+ Ke8 48. Qc6+ Ke7 49. Qb7+ Kd6 50. Qxa6+ Kc5 51.
Qa5+ Kc4 52. Qa4+ Kc5 53. Qa5+ Kc4 54. Qa4+ Kd3 55. Qd1+ Ke4 56. Qe2+ Kd4 57.
Qd1+ Kc5 58. Qc2+ Kd6 59. Qd3+ Kc7 60. Qc4+ Kb6 61. Qb4+ Kc6 62. Qa4+ Qb5 63.
Qe4+ Qd5 64. Qa4+ Qb5 65. Qe4+ Kd7 66. Qd4+ Kc8 67. h3 Re8 68. Qxf6 Re1+ 69.
Kh2 Qe5+ 70. Qxe5 Rxe5 71. h4 Kd7 72. a3 Ke6 73. Kg3 Kf5 74. Kf3 Re4 75. g3 Rd4
76. Ke3 Ra4 77. Bf8 Kg4 78. Kf2 Rd4 79. Bb4 Rd3 80. Ke2 Rxg3 81. Kd1 Rg2 82.
Be7 h6 83. Kc1 Re2 84. Bd8 Kf5 85. a4 Re8 86. Bb6 Re4 87. a5 Rxh4 88. a6 Ra4
89. a7 Ke6 90. Kd2 Kd7 91. Ke2 Kc6 92. Be3 g5 93. Kf3 Kb7 94. Bc5 Rxa7 95. Kg4
Ra6 96. Bf8 Kc7 97. Kh5 Kd7 98. Bg7 Ke7 99. Bc3 Kf7 100. Bb2 Kg8 101. Bc3 Kh7
102. Bd2 Ra2 103. Bc3 Rh2+ 104. Kg4 Kg6 105. Kg3 Ra2 106. Bb4 h5 107. Bc5 Kf5
108. Bb4 Rb2 109. Bc5 h4+ 110. Kh3 g4+ 111. Kxh4 Rb3 112. Be3 Rxe3 113. Kh5
Rh3# 0-1

[Event "Gibtelecom Festival 2010 - Masters"]
[Site "Gibraltar ENG"]
[Date "2010.01.30"]
[Round "5.33"]
[White "Goodger, Martyn"]
[Black "Boskovic, Drasko"]
[Result "1/2-1/2"]
[WhiteElo "2147"]
[BlackElo "2454"]
[PlyCount "62"]
[EventDate "2010.01.26"]
[EventType "swiss"]
[EventRounds "10"]
[EventCountry "ENG"]
[Source "lmi"]
[SourceDate "2010.01.26"]

1. e4 c5 2. c3 d5 3. exd5 Qxd5 4. d4 g6 5. Nf3 Bg7 6. Na3 cxd4 7. Bc4 Qd8 8.
Qb3 e6 9. Nxd4 Ne7 10. Bg5 a6 11. O-O-O Qa5 12. h4 Nbc6 13. Bxe6 fxe6 14. Nc4
Qc7 15. Nxc6 Nxc6 16. Nd6+ Kf8 17. Rh3 Kg8 18. Ne8 Qe5 19. Rf3 Qc5 20. Nxg7
Kxg7 21. Bf6+ Kg8 22. Qa4 b5 23. Qf4 e5 24. Bxe5 Nxe5 25. Rd8+ Kg7 26. Qf6+ Kh6
27. Qg5+ Kg7 28. Qf6+ Kh6 29. Qf4+ Kg7 30. Qf6+ Kh6 31. Qf4+ Kg7 1/2-1/2

[Event "Gibtelecom Festival 2010 - Masters"]
[Site "Gibraltar ENG"]
[Date "2010.01.30"]
[Round "5.34"]
[White "Vernay, Clovis"]
[Black "Tscharotschkin, Michael"]
[Result "1-0"]
[WhiteElo "2442"]
[BlackElo "2211"]
[PlyCount "83"]
[EventDate "2010.01.26"]
[EventType "swiss"]
[EventRounds "10"]
[EventCountry "ENG"]
[Source "lmi"]
[SourceDate "2010.01.26"]

1. d4 d6 2. c4 e5 3. Nf3 Nc6 4. Nc3 g6 5. d5 Nce7 6. c5 Bg7 7. cxd6 Qxd6 8. e4
Bd7 9. Nd2 Nc8 10. Nb3 Nf6 11. Be3 b6 12. Nb5 Qb4+ 13. Qd2 Qxd2+ 14. Nxd2 Kd8
15. Rc1 Nd6 16. Nxd6 cxd6 17. f3 Rc8 18. Rxc8+ Bxc8 19. Bd3 Bb7 20. Ke2 Ke7 21.
b4 Rc8 22. a4 Rc7 23. Ra1 Bxd5 24. exd5 Nxd5 25. Ra3 Nxb4 26. a5 Nd5 27. axb6
axb6 28. Nc4 b5 29. Nb6 Nxe3 30. Kxe3 Rb7 31. Ra6 Ke6 32. Bxb5 Bh6+ 33. Kd3 Bf8
34. Bc6 Rc7 35. Ba4 Rb7 36. Ke4 f5+ 37. Kd3 g5 38. g4 fxg4 39. fxg4 Kf7 40. Bc6
Rc7 41. Nd5 Rc8 42. Ra7+ 1-0

[Event "Gibtelecom Festival 2010 - Masters"]
[Site "Gibraltar ENG"]
[Date "2010.01.30"]
[Round "5.35"]
[White "Karavade, Eesha"]
[Black "Henriksson, Johan"]
[Result "1-0"]
[WhiteElo "2405"]
[BlackElo "2204"]
[PlyCount "67"]
[EventDate "2010.01.26"]
[EventType "swiss"]
[EventRounds "10"]
[EventCountry "ENG"]
[Source "lmi"]
[SourceDate "2010.01.26"]

1. d4 d5 2. c4 c6 3. Nf3 Nf6 4. e3 Bf5 5. Nc3 e6 6. Nh4 Bg6 7. Qb3 Qb6 8. Nxg6
hxg6 9. Bd2 Nbd7 10. Bd3 Qxb3 11. axb3 Bb4 12. Ke2 dxc4 13. bxc4 O-O 14. f4 c5
15. Rhd1 cxd4 16. exd4 Nb6 17. Na4 Be7 18. Nxb6 axb6 19. Kf3 Rfd8 20. Bc3 Ne8
21. Be2 g5 22. fxg5 Bxg5 23. Rxa8 Rxa8 24. d5 Bf6 25. Bxf6 gxf6 26. dxe6 fxe6
27. Rd7 Rb8 28. Kf2 f5 29. Bf3 Nf6 30. Rd6 Rc8 31. Rxe6 Nd7 32. Bxb7 Rxc4 33.
Bd5 Rc2+ 34. Re2+ 1-0